| 000 | 00703nam a2200217 a 4500 | ||
|---|---|---|---|
| 005 | 20260205064035.0 | ||
| 008 | 991125s1978 san 000 0 eng u | ||
| 020 | _a0875893791 | ||
| 035 | _aUPN01000056739 | ||
| 049 | _aCG | ||
| 050 | 4 |
_aBF76 _bT4.2 |
|
| 245 | 0 | 0 |
_aTheory construction and data analysis in the behavioral sciences / _ced. Samuel Shye. |
| 260 |
_aSan Francisco (E.U.A.) : _bJossey-Bass, _c1978. |
||
| 300 | _a426 p. | ||
| 440 | 4 | _aThe Jossey-Bass social and behavioral science series | |
| 650 | 4 |
_aCiencias sociales _xInvestigación _97497 |
|
| 650 | 4 |
_aDiseño experimental _914286 |
|
| 650 | 2 |
_aInvestigacion psicológica _915795 |
|
| 700 | 1 |
_aShye, Samuel, _eed. |
|
| 905 | _aLibro | ||
| 999 |
_c56739 _d56739 |
||